000 00213nam a22000857a 4500
003 SGT
245 _aINDIAN JOURNAL OF COMPUTER SCIENCE
260 _aNEW DELHI
_bGB' S PUBLISHERS AND DISTRIBUTORS
_c2015
942 _2ddc
_cBV
999 _c21478
_d21478